VCT Icon Quiz - Statistics

General Stats
  • This quiz has been taken 494 times
    174 since last reset
  • The average score is 11 of 15
Answer Stats
Picture Answer % Correct
(standard) | Dark Mode
90%
(standard) | First Strike
90%
(standard) | Light Mode
90%
{Americas} League
88%
{CN} League
88%
{EMEA} League 2024-present
88%
{Pacific} League
88%
Champions
87%
Masters
85%
LOCK//IN
77%
Game Changers
68%
Challengers
66%
{EMEA} League 20{23}
61%
Ascension
40%
Last Chance Qualifier
34%
No matching quizzes found
Score Distribution
Percent of People with Each Score
Percentile by Number Answered
Your Score History
You have not taken this quiz since the last reset